Vzory zmlúv a právných podaní príloha časopisu Firemný právnik 8/2002

Bibliographic Details
Format: Book
Language:Slovak
PhysicalDescription:1 elektronický optický disk (CD-ROM)
Published: Žilina CD Poradca 2002
Subjects:

MARC

LEADER 00000nam a2200000 a 4500
001 vtls001439279
003 SK-MaSNL
005 20260301202913.0
008 130607s2002 xo 0 slo
015 |a SNBS2002/03-01264 
035 |a SNK000394427 
040 |a SNK  |b slo  |c SNK  |e AACR2 
044 |a xo  |c SK 
080 |a 347:347.6/.9:342.9(086.86)  |2 1981 
080 |a 347.6/.9  |2 1981 
080 |a 342.9  |2 1981 
245 1 |a Vzory zmlúv a právných podaní  |h elektronický zdroj  |b príloha časopisu Firemný právnik  |n 8/2002 
256 |a Počítačové dáta 
260 |a Žilina  |b CD Poradca  |c 2002 
300 |a 1 elektronický optický disk (CD-ROM) 
650 0 7 |a podania právne  |x vzory  |x pokyny  |x dokumenty elektronické  |2 SNK  |9 393044 
655 7 |a elektronické dokumenty  |2 SNK  |9 70518 
999 |c 900643  |d 902573 
952 |t P60, <03>, [BOOK], {603}  |a SNK  |b SNK  |y PREZ  |7 0  |p 17A0353031  |o snkSCDM 220/2002/8  |i snkJK 525/2002  |0 0  |1 0  |4 0  |d 2002-08-14  |l 0  |r 2005-01-02 00:00:00  |w 2026-02-24 
952 |t P60, <04>, [BOOK], {657}  |a SNK  |b SNK  |y VYP  |7 0  |p 17A0353032  |o snkSCDM 220/2002/8 D1  |i snkJK 526/2002  |0 0  |1 0  |4 0  |d 2002-08-14  |l 0  |r 2005-01-02 00:00:00  |w 2026-02-24